Bajo cielo africano

Guardat en:
Dades bibliogràfiques
Autor principal: Vicuña, Alejandro (Autor)
Format: Llibre
Idioma:espanyol
Publicat: París Imprimerie Union 1931
Col·lecció:Collections Grands Voyages
Matèries:
Etiquetes: Afegir etiqueta
Sense etiquetes, Sigues el primer a etiquetar aquest registre!

MARC

LEADER 00000nam a2200000 a 4500
001 UCY8275
003 CL-VaPUC
008 950703e19310000FR |||||||||||||||||spa|d
082 0 4 |a 916  |b VIC  |2 21 
100 0 |a Vicuña, Alejandro  |e author  |9 339551 
245 1 0 |a Bajo cielo africano 
246 1 0 |a Notas de un viaje por Marruecos, Argelia y Túnez 
300 |a 233 p 
942 |c BK 
945 |d 19950703 00:00:00  |a rbrito 
260 |a París  |b Imprimerie Union  |c 1931 
650 0 |a Viajes  |9 257115 
650 0 |a Viajes al extranjero  |9 334153 
650 0 |a Turismo  |9 308920 
651 7 |a MARRUECOS  |2 CL-VaPUC  |9 339552 
651 7 |a ARGELIA  |2 CL-VaPUC  |9 322685 
651 7 |a TUNEZ  |2 CL-VaPUC  |9 325751 
583 |a last modification  |c 19950703 00:00:00  |k Rodrigo Vera 
490 0 |a Collections Grands Voyages 
999 |c 235549  |d 235547 
952 |0 0  |1 0  |4 0  |6 916_000000000000000_VIC_1931  |7 0  |8 A  |9 243056  |a BIBEDU  |b BIBEDU  |d 2019-11-18  |i 309698K  |o 916 VIC 1931  |p 309698K  |r 2019-11-18  |w 2019-11-18  |y BK  |k LIT